000 00408nam a2200169Ia 4500
005 20250423100304.0
008 250422s9999 xx 000 0 und d
020 _a9781935295112
050 _aPN 6231 .N27 O94/
100 _aÖzçelik, Mustafa
245 0 _aNasreddin Hodja : eponym for wit and wisdom
260 _aNew York
260 _bBlue Dom
260 _c2011
300 _a126 p
942 _cBK
999 _c32851
_d32851